02749nam a2200229 a 4500001001000000003000900010005001700019007000300036008004100039040002500080082002000105111008300125245013600208260003700344300002100381490003500402505181300437650006102250650007302311710010002384830003502484000041179DO-SdBNP20250701121839.0ta130705s2007 dr 000 0 spa d aDO-SdBNPbspacBNPHU 222a378 bF727n2 aForo Presidencial por la Excelencia de la Educaciónd(2007 :cSanto Domingo)10aNormativa y requerimientos espaciales para la infraestructura de instituciones de nivel superior :bmesas de trabajo de la SEESCYT  aSanto Domingo :bSEESCyT,c2007. a141 p. ;c24 cm.1 aMesas de trabajo de la SEESCyT aIntroducción 9|Objetivo del documento 10|Aplicación 10|EVALUACIÓN INFRAESTRUCTURA FÍSICA, PLANTELES DE NIVEL SUPERIOR 11|Evaluación quinquenal 11|Inspecciones y supervisiones de infraestructura 11|Planos y documentos constructivos 12|Formulario de preguntas e informaciones técnicas para la evaluación y o sometimiento de proyectos de infraestructura para planteles de nivel superior 13|Tipos de intervenciones que se preveen y documentación requerida por tipo de intervención 16|ARQUITECTURA E INSTITUCIONES DE NIVEL SUPERIOR 18|Criterios generales de diseño 18|SITUACIÓN AMBIENTAL DE LA INFRAESTRUCTURA DE EDUCACIÓN SUPERIOR 21|RECOMENDACIONES GENERALES PARA EL DISEÑO DE INSTITUCIONES DE NIVEL SUPERIOR 21|Flexibilidad 21|Crecimiento 22|Adaptabilidad 22|Uso del espacio 22|Mantenimiento eficiencia de la edificación 23|NORMAS Y REGULACIONES 23|Localización 23|Terrenos, configuración 26|Superficie mínima requerida de los terrenos 27|Plano de conjunto 27|Vías de accesos 29|Accesos dentro del conjunto 30|Calzadas, calles y áreas de estacionamiento 31|Señalización exterior 32|Verja perimetral 32|Iluminación exterior 33|Paisajismo 33|Tamaño de los espacios diseño por ocupación número de usuarios 34|Estándares mínimos por espacio que componen la institución de nivel superior 35|CONSIDERACIONES GENERALES 48|Aulas de teoría 48|Biblioteca centro de estudio 49|Centro de producción de medios 51|Sala de informática 51|Sala de usos múltiples o multiuso hasta 50 usuarios 53|Auditorio 53|Cafetería y cocina 54|Laboratorios y talleres 55|Taller de tecnología básica 60|Taller de arte o manualidades 60|Salón de teatro y música 61|Servicios estudiantiles 61|ACÚSTICAS 74|ESPECIFICACIONES TÉCNICAS 81|PROTOCOLO MEDIO-AMBIENTAL 102 4aEdificios universitariosxNormaszRepública Dominicana 4aUniversidadesxConferencias, Congresos, etc.zRepública Dominicana1 aRepública Dominicana.bSecretaría de Estado de Educación Superior, Ciencia y Tecnología 0aMesas de trabajo de la SEESCyT